Pragmática. Nivel medio-avanzado B1-B2 Estrategias para una comunicación eficaz.

Gespeichert in:
Bibliographische Detailangaben
1. Verfasser: Robles Ávila, Sara (autora)
Weitere Verfasser: Montero Curiel, María Luisa (autora), Dell'Olmo Robles, Sara (autora)
Format: Unbekannt
Veröffentlicht: Madrid, España: Anaya, 2022.
Ausgabe:1ª edición
Schriftenreihe:Anaya ELE
Schlagworte:
Tags: Tag hinzufügen
Keine Tags, Fügen Sie den ersten Tag hinzu!

MARC

LEADER 00000 a2200000 4500
003 CL-VaPUC
005 20240807103153.0
008 240712t2022 ||||| |||| 00| 0 eng d
999 |c 443875  |d 443873 
020 |a 978-84-698-9202-2 
040 |c Pontificia Universidad Católica de Valparaíso 
082 7 |2 22  |a 401.45 ROB 2022 
100 |a Robles Ávila, Sara  |9 889346  |e autora 
245 |a Pragmática. Nivel medio-avanzado B1-B2  |b Estrategias para una comunicación eficaz. 
250 |a 1ª edición 
260 |a Madrid, España:  |b Anaya,  |c 2022. 
300 |a 157 páginas 
490 |a Anaya ELE 
546 |a En español 
583 |k GC  |c 20240712 
650 0 |9 464912  |a Pragmática lingüística  |x Lengua española 
650 0 |9 890126  |a Spanish language  |x Pragmatics 
700 |9 890128  |a Montero Curiel, María Luisa  |e autora 
700 |9 890129  |a Dell'Olmo Robles, Sara  |e autora 
942 |2 ddc  |c BK 
952 |0 0  |1 0  |2 ddc  |4 0  |6 401_450000000000000_ROB_2022  |7 0  |8 A  |9 595570  |a BIBGIM  |b BIBGIM  |d 2024-07-12  |e 13  |g 19897.00  |i 5662210  |o 401.45 ROB 2022  |p 5662210  |r 2025-01-15  |t 1  |v 19897.00  |w 2024-07-12  |y BK  |k ELE